Catálogo
 En Linea

Constituciones y estatutos de los Misioneros del Sagrado Corazón de Jesús. (Registro nro. 33552)

Detalles MARC
000 -CABECERA
campo de control de longitud fija 00791nam a2200193 a 4500
001 - NÚMERO DE CONTROL
campo de control 000034061
005 - FECHA Y HORA DE LA ÚLTIMA TRANSACCIÓN
campo de control 20200930070736.0
008 - DATOS DE LONGITUD FIJA--INFORMACIÓN GENERAL
campo de control de longitud fija 110923s1985 it 001 0 spa d
040 ## - FUENTE DE LA CATALOGACIÓN
Centro catalogador/agencia de origen DO-SdBNP
Lengua de catalogación spa
Centro/agencia transcriptor BNPHU
082 ## - NÚMERO DE LA CLASIFICACIÓN DECIMAL DEWEY
Número de clasificación 255.102
Número de documento/Ítem C758e
049 ## - FONDOS LOCALES (OCLC)
Fondos de biblioteca BNPD
245 00 - MENCIÓN DE TÍTULO
Título Constituciones y estatutos de los Misioneros del Sagrado Corazón de Jesús.
260 ## - PUBLICACIÓN, DISTRIBUCIÓN, ETC.
Lugar de publicación, distribución, etc. Roma, Italia :
Nombre del editor, distribuidor, etc. Casa General,
Fecha de publicación, distribución, etc. 1985.
300 ## - DESCRIPCIÓN FÍSICA
Extensión 150 p. ;
Dimensiones 19 cm.
505 0# - NOTA DE CONTENIDO CON FORMATO
Título Espíritu, vida y misión --
-- Miembros --
-- Organización --
-- Ausencia y salida --
-- Observancia de las constituciones --
Información miscelánea Textos del fundador.
610 14 - PUNTO DE ACCESO ADICIONAL DE MATERIA--NOMBRE DE ENTIDAD CORPORATIVA
Nombre de entidad corporativa o nombre de jurisdicción como elemento de entrada MISIONEROS DEL SAGRADO CORAZÓN DE JESÚS
Subdivisión general REGLAS
9 (RLIN) 59496
650 #4 - PUNTO DE ACCESO ADICIONAL DE MATERIA--TÉRMINO DE MATERIA
Término de materia o nombre geográfico como elemento de entrada Órdenes religiosas de hombres
Subdivisión general Estatutos, reglamentos, etc.
9 (RLIN) 59497
910 ## - DATOS DE OPCIÓN DEL USUARIO (OCLC)
Datos de opción del usuario Validado. Control de calidad EMS
Existencias
Estado de retiro Estado de pérdida Restricciones de uso No para préstamo Código de colección Localización permanente Ubicación/localización actual Ubicación en estantería Fecha de adquisición Número de inventario Total de préstamos Signatura topográfica completa Código de barras Fecha visto por última vez Precio válido a partir de Tipo de ítem Koha
      Excluido de préstamo Monografías: Libros y Folletos General General Depósito 23.09.2011 LF1   255.102 C758e 34061-10 25.06.2020 25.06.2020 No se presta

Con tecnología Koha